000 00333nam a22001457a 4500
008 240318b ||||| |||| 00| 0 eng d
020 _a9780465080441
041 _aeng
080 _21996
_a159.9
082 _a159.9HUM
100 _a25
101 _aPSIKOLOGJI
245 _aLEAPS OF FAITH
_cNICHOLAS HUMPHREY
942 _2udc
_cBK
999 _c60615
_d60615